[Event "SR 4. liga A21 2016/2017"]
[Site "?"]
[Date "2016.12.18"]
[Round "6.1"]
[White "Ralbovsky, Milan"]
[Black "Kuracina, Lubomir"]
[Result "1/2-1/2"]
[WhiteElo "1523"]
[BlackElo "1000"]
[PlyCount "115"]
[EventDate "2016.??.??"]

1. e4 e5 2. Qh5 d6 3. Bc4 Qd7 4. Nf3 a6 5. Ng5 Nh6 6. a4 c5 7. Nc3 Ra7 8. Nd5
Qc6 9. d3 b6 10. O-O Be7 11. f4 O-O 12. fxe5 dxe5 13. Nf3 Bg4 14. Qxe5 Bxf3 15.
Bxh6 Qxh6 16. Rxf3 Nc6 17. Qg3 Nd4 18. Nxe7+ Rxe7 19. Rf2 b5 20. axb5 axb5 21.
Bd5 Qb6 22. Raf1 c4 23. Kh1 Qc5 24. Qg5 Ne6 25. Qd2 Nc7 26. Rf5 Qd4 27. Qb4 Rd7
28. Bc6 cxd3 29. Qxd4 Rxd4 30. c3 Ra4 31. Bxb5 Nxb5 32. Rxb5 Rxe4 33. Rd5 Re2
34. Rxd3 Rxb2 35. Rfd1 g5 36. h3 h5 37. Rd5 f6 38. c4 Kf7 39. c5 Rc8 40. Rf1
Ke7 41. Rdf5 Rc6 42. Re1+ Kf7 43. Ref1 Ke7 44. Re1+ Kf7 45. Ref1 Kg6 46. g4
hxg4 47. hxg4 Rc2 48. Kg1 Rc4 49. Rd5 Rxg4+ 50. Kh2 Rc4 51. Rff5 Kf7 52. Rd6
R4xc5 53. Rfxf6+ Ke7 54. Rxc6 Re5 55. Rf2 Rd5 56. Rcc2 Ke6 57. Rfe2+ Kd6 58.
Rcd2 1/2-1/2

[Event "SR 4. liga A21 2016/2017"]
[Site "?"]
[Date "2016.12.18"]
[Round "6.2"]
[White "Blatnicky, Miroslav"]
[Black "Curidlo, Jan"]
[Result "1-0"]
[WhiteElo "2103"]
[BlackElo "1895"]
[PlyCount "123"]
[EventDate "2016.??.??"]

1. d4 Nf6 2. c4 e6 3. Nc3 d5 4. Bg5 Be7 5. e3 a6 6. Nf3 Nbd7 7. Rc1 O-O 8. cxd5
Nxd5 9. Bxe7 Nxe7 10. Bd3 Ng6 11. O-O c6 12. Ne4 Qe7 13. Qb3 Rd8 14. Nc5 b5 15.
Be4 Nb8 16. Rc3 Ra7 17. Rfc1 Rc7 18. g3 Qe8 19. Qc2 f5 20. Bd3 Ne7 21. b4 Nd5
22. Rb3 Nd7 23. Nxd7 Bxd7 24. Ne5 Qe7 25. a3 g6 26. Be2 Kg7 27. Bf3 Be8 28. Qc5
Qxc5 29. Rxc5 Kf6 30. Rb1 Ne7 31. Rbc1 Rd6 32. a4 bxa4 33. Ra1 Rb7 34. Rxa4 Nd5
35. Nd3 Nc7 36. Ne5 Nd5 37. Rxa6 Nxb4 38. Ra8 Ke7 39. Rca5 Rd8 40. R5a7 Rxa7
41. Rxa7+ Kf6 42. h4 c5 43. g4 h6 44. g5+ hxg5 45. hxg5+ Kxg5 46. dxc5 Kf6 47.
Nc4 Bc6 48. Bxc6 Nxc6 49. Rc7 Ne5 50. Nb6 g5 51. Kf1 g4 52. Ke2 Kg6 53. Nc8 Nf3
54. Nd6 Ra8 55. Nc4 e5 56. Rb7 e4 57. c6 Ra4 58. Nb2 Ra6 59. c7 Rc6 60. Na4 Ne5
61. Rb6 Rxb6 62. Nxb6 1-0

[Event "SR 4. liga A21 2016/2017"]
[Site "?"]
[Date "2016.12.18"]
[Round "6.2"]
[White "Musaev, Urmat"]
[Black "Podjavorinsky, Michal"]
[Result "0-1"]
[WhiteElo "1730"]
[BlackElo "1862"]
[PlyCount "158"]
[EventDate "2016.??.??"]

1. e4 d5 2. exd5 Qxd5 3. Nc3 Qa5 4. Nf3 Bg4 5. Be2 Nf6 6. O-O e6 7. d4 Bd6 8.
Nb5 a6 9. Nxd6+ cxd6 10. Bf4 Qb6 11. c4 O-O 12. b4 Qd8 13. Rc1 Nc6 14. a3 Re8
15. Bg5 Ne7 16. c5 dxc5 17. bxc5 Qc8 18. Rb1 Qc7 19. Bh4 Ne4 20. Qc1 Nf5 21.
Bg3 Nfxg3 22. fxg3 Nf6 23. Qb2 Rab8 24. Ne5 Bxe2 25. Qxe2 Rbd8 26. Rf4 Re7 27.
Nc4 Ne8 28. Rb6 Red7 29. Qb2 Nf6 30. Na5 Rb8 31. c6 Rd6 32. Rf1 Nd5 33. Rxb7
Rxb7 34. Nxb7 Rxc6 35. Nc5 Rb6 36. Qf2 h6 37. Qe2 a5 38. Nd3 Rb3 39. Rc1 Qb8
40. a4 Rb1 41. Qc2 Rxc1+ 42. Qxc1 Qb3 43. Ne5 Qb4 44. Qa1 Ne3 45. Nd3 Qd2 46.
Nf2 Nc2 47. Qd1 Qb4 48. h3 Qxa4 49. d5 exd5 50. Qxd5 Qa1+ 51. Kh2 Nb4 52. Qd8+
Kh7 53. Qd7 Qf6 54. Ng4 Qe6 55. Qb5 Qd5 56. Qe8 Nd3 57. h4 h5 58. Ne3 Qe6 59.
Qxe6 fxe6 60. g4 hxg4 61. Nxg4 a4 62. Ne3 a3 63. Nc2 a2 64. Kg3 Kg6 65. Kg4 Ne1
66. Na1 Nxg2 67. Kg3 Ne3 68. Kf3 Nd5 69. Ke2 Kh5 70. Kd2 Kxh4 71. Kc2 g5 72.
Kb2 g4 73. Kxa2 g3 74. Nc2 g2 75. Ne1 Kg3 76. Nxg2 Kxg2 77. Kb3 e5 78. Kc4 Nf6
79. Kd3 Kf3 0-1

[Event "SR 4. liga A21 2016/2017"]
[Site "?"]
[Date "2016.12.18"]
[Round "6.2"]
[White "Miciak, Emanuel"]
[Black "Nedorost, Lubomir"]
[Result "1-0"]
[WhiteElo "1859"]
[BlackElo "1655"]
[PlyCount "69"]
[EventDate "2016.??.??"]

1. d4 e6 2. c4 Be7 3. e4 c6 4. Nc3 d5 5. e5 Nd7 6. Qg4 g6 7. Nf3 f5 8. Qg3 Nf8
9. h4 h6 10. Bd3 Bd7 11. Bd2 Qc7 12. Rc1 O-O-O 13. cxd5 exd5 14. Nxd5 Qb8 15.
Nxe7+ Nxe7 16. Bb4 Re8 17. Bd6 Qa8 18. O-O Rg8 19. Bc4 Rg7 20. d5 cxd5 21.
Bxd5+ Bc6 22. Bxe7 Rgxe7 23. Nd4 Rc7 24. e6 Ree7 25. Qd6 a6 26. Nxc6 bxc6 27.
Bxc6 Qa7 28. Bd7+ Kd8 29. Rxc7 Qxc7 30. Qxa6 Nxd7 31. exd7 Rxd7 32. Qxg6 Rg7
33. Qxf5 Qb7 34. Rd1+ Ke8 35. Qe6+ 1-0

[Event "SR 4. liga A21 2016/2017"]
[Site "?"]
[Date "2016.12.18"]
[Round "6.2"]
[White "Stolar, Michal"]
[Black "Smrek, Peter"]
[Result "1-0"]
[WhiteElo "1614"]
[BlackElo "1794"]
[PlyCount "99"]
[EventDate "2016.??.??"]

1. e4 c5 2. c4 Nc6 3. Nc3 a6 4. d3 g6 5. Be3 d6 6. h3 Bg7 7. Nf3 Nd4 8. Be2 Bd7
9. a4 Nxe2 10. Qxe2 b5 11. axb5 axb5 12. Rxa8 Qxa8 13. O-O bxc4 14. dxc4 Bxc3
15. bxc3 Qxe4 16. Rd1 Bc6 17. Ne1 Kf8 18. f3 Qe6 19. Kf1 Kg7 20. Nc2 Nf6 21.
Bf2 Qxe2+ 22. Kxe2 Ba4 23. Rc1 Bxc2 24. Rxc2 Rb8 25. Rd2 Nd7 26. f4 Rb3 27. Kd3
Nb6 28. Ra2 f6 29. Kc2 Nxc4 30. Kxb3 Nb6 31. c4 Kf7 32. g3 Nd7 33. Kc3 f5 34.
Re2 Nf6 35. Kd3 h5 36. Ra2 Ne4 37. Be1 e5 38. fxe5 dxe5 39. g4 hxg4 40. hxg4
Nf6 41. gxf5 gxf5 42. Ra5 Ne4 43. Ra6 Ng5 44. Rc6 Ne6 45. Bf2 e4+ 46. Kd2 Nd4
47. Ra6 Ne6 48. Ke3 Kf6 49. Bg3 Kf7 50. Be5 1-0

[Event "SR 4. liga A21 2016/2017"]
[Site "?"]
[Date "2016.12.18"]
[Round "6.2"]
[White "Kincel, Jan"]
[Black "Divinec, Peter"]
[Result "1-0"]
[WhiteElo "1998"]
[BlackElo "1357"]
[PlyCount "55"]
[EventDate "2016.??.??"]

1. e4 e5 2. Nf3 Nc6 3. Bb5 a6 4. Ba4 Nf6 5. Qe2 b5 6. Bb3 Be7 7. c3 O-O 8. O-O
d6 9. a4 Na5 10. Bc2 c6 11. d3 h6 12. Nbd2 Bg4 13. h3 Bh5 14. Rd1 c5 15. Nf1
Nc6 16. g4 Bg6 17. Ng3 Nh7 18. Nf5 Bg5 19. axb5 Bxc1 20. Rdxc1 Bxf5 21. bxc6
Be6 22. d4 cxd4 23. cxd4 exd4 24. e5 dxe5 25. c7 Qc8 26. Qxe5 f6 27. Qxd4 Rf7
28. Be4 1-0

[Event "SR 4. liga A21 2016/2017"]
[Site "?"]
[Date "2016.12.18"]
[Round "6.3"]
[White "Ganzova, Veronika"]
[Black "Lanik, Miroslav"]
[Result "1/2-1/2"]
[WhiteElo "1702"]
[BlackElo "1878"]
[PlyCount "30"]
[EventDate "2016.??.??"]

1. e4 c5 2. Nf3 d6 3. d4 cxd4 4. Nxd4 Nf6 5. Nc3 a6 6. Be3 e5 7. Nb3 Be6 8. f3
Nbd7 9. Qd2 b5 10. g4 Nb6 11. Bxb6 Qxb6 12. Nd5 Bxd5 13. exd5 Be7 14. O-O-O O-O
15. Kb1 a5 1/2-1/2

[Event "SR 4. liga A21 2016/2017"]
[Site "?"]
[Date "2016.12.18"]
[Round "6.3"]
[White "Huska, Branislav"]
[Black "Sottnik, Filip"]
[Result "0-1"]
[WhiteElo "1815"]
[BlackElo "1698"]
[PlyCount "110"]
[EventDate "2016.??.??"]

1. e4 e5 2. Nf3 Nc6 3. Bb5 a6 4. Ba4 d6 5. O-O Be7 6. c3 Nf6 7. Re1 Ng4 8. h3
Nf6 9. d4 b5 10. Bb3 O-O 11. a4 b4 12. a5 Rb8 13. d5 Na7 14. Be3 c5 15. Nbd2
Rb5 16. Qc2 bxc3 17. bxc3 Rxa5 18. Bc4 Nb5 19. Qb2 Bd7 20. Rec1 Qc7 21. Rxa5
Qxa5 22. Nb3 Qc7 23. Nfd2 Rb8 24. Ra1 Ra8 25. Bxb5 Bxb5 26. c4 Bd7 27. Qc3 Bc8
28. Na5 Bd7 29. f3 Bd8 30. Ndb3 Ne8 31. f4 f6 32. f5 Qa7 33. Bd2 Nc7 34. Qg3
Kf8 35. Qh4 Kg8 36. g4 Ne8 37. g5 fxg5 38. Bxg5 Bxg5 39. Qxg5 Nf6 40. Kh2 Nxe4
41. Qg4 Nf6 42. Qg5 Rf8 43. Rg1 Rf7 44. h4 Qa8 45. h5 h6 46. Qxh6 Bxf5 47. Qg5
Qf8 48. Qxf5 Nxd5 49. Qe6 Nf4 50. Qg4 Rf5 51. Nc6 Rxh5+ 52. Kg3 Ne2+ 53. Kg2
Nf4+ 54. Kg3 Rh3+ 55. Kf2 Rxb3 0-1

[Event "SR 4. liga A21 2016/2017"]
[Site "?"]
[Date "2016.12.18"]
[Round "6.3"]
[White "Lackovic, Marek"]
[Black "Fidericky, Milan"]
[Result "0-1"]
[WhiteElo "1683"]
[BlackElo "1749"]
[PlyCount "72"]
[EventDate "2016.??.??"]

1. e4 e5 2. Nf3 Nf6 3. d3 Nc6 4. Nc3 Be7 5. Be2 O-O 6. h3 d5 7. exd5 Nxd5 8.
Nxd5 Qxd5 9. Be3 f5 10. c4 Qd8 11. Qc2 f4 12. Bd2 Bf5 13. Rd1 Bf6 14. b4 g5 15.
b5 Ne7 16. Bc3 Ng6 17. Nd2 Nh4 18. Kf1 Bg6 19. Ne4 Bg7 20. Qb2 Re8 21. Rd2 h6
22. g3 fxg3 23. fxg3 Bxe4 24. dxe4 Qf6+ 25. Kg1 Nf3+ 26. Bxf3 Qxf3 27. Kh2 Qxe4
28. c5 Rad8 29. Re2 Qd5 30. Qb3 Qxb3 31. axb3 Rd3 32. Rc2 e4 33. Bxg7 Kxg7 34.
b4 e3 35. Re1 Rd2+ 36. Rxd2 exd2 0-1

[Event "SR 4. liga A21 2016/2017"]
[Site "?"]
[Date "2016.12.18"]
[Round "6.3"]
[White "Lauko, Tomas"]
[Black "Dzurjaninova, Hana"]
[Result "1-0"]
[WhiteElo "1717"]
[BlackElo "1706"]
[PlyCount "107"]
[EventDate "2016.??.??"]

1. e4 e6 2. Nc3 d5 3. exd5 exd5 4. d4 Nf6 5. Nf3 Bd6 6. Bg5 O-O 7. Bxf6 Qxf6 8.
Nxd5 Re8+ 9. Be2 Qg6 10. Ne3 Bf4 11. Qd3 Bxe3 12. Qxg6 Bxf2+ 13. Kxf2 hxg6 14.
Rhe1 Be6 15. c4 Nd7 16. Bd3 Nf6 17. h3 Bf5 18. Bxf5 gxf5 19. Re5 Ne4+ 20. Ke3
f6 21. Rxe8+ Rxe8 22. Kf4 g6 23. Re1 Kf7 24. g4 g5+ 25. Ke3 fxg4 26. hxg4 Nc3+
27. Kd2 Nxa2 28. Ra1 Nb4 29. Rxa7 Rb8 30. d5 Na6 31. Nd4 Nc5 32. Nb5 Ne4+ 33.
Kc2 Nd6 34. Nxd6+ cxd6 35. Kc3 f5 36. gxf5 Kf6 37. Kd4 Kxf5 38. b4 g4 39. Ra1
b6 40. Rf1+ Kg5 41. Rf7 Re8 42. Rg7+ Kf5 43. Rf7+ Kg6 44. Rd7 g3 45. Rxd6+ Kg5
46. Rd7 Kf6 47. Ra7 Re1 48. Ra2 Kf5 49. Rd2 Re4+ 50. Kd3 Ke5 51. Re2 Rxe2 52.
Kxe2 Kf4 53. Kf1 Kf3 54. d6 1-0

[Event "SR 4. liga A21 2016/2017"]
[Site "?"]
[Date "2016.12.18"]
[Round "6.3"]
[White "Ganz, Marek"]
[Black "Dest, Stanislav"]
[Result "1/2-1/2"]
[WhiteElo "1479"]
[BlackElo "1406"]
[PlyCount "90"]
[EventDate "2016.??.??"]

1. e4 e5 2. Nf3 Nc6 3. Bc4 Be7 4. c3 Nf6 5. d3 O-O 6. Be3 d6 7. Nbd2 Na5 8. O-O
Nxc4 9. Nxc4 Be6 10. Ncd2 b6 11. d4 Bg4 12. Qc2 exd4 13. cxd4 c5 14. Rfe1 Re8
15. dxc5 dxc5 16. e5 Nd5 17. Rad1 Qc7 18. Qe4 Nxe3 19. Qxe3 Rad8 20. Qe4 Be6
21. b3 h6 22. Nc4 b5 23. Ne3 Qc8 24. Nd5 Rxd5 25. Rxd5 Bxd5 26. Qxd5 Rd8 27.
Qe4 Qd7 28. h3 Qe6 29. Qb7 a6 30. Qe4 Rd5 31. Kf1 Bd8 32. Kg1 Ba5 33. Re3 Qd7
34. e6 Qxe6 35. Qxe6 fxe6 36. Rxe6 Rd1+ 37. Kh2 Bc7+ 38. g3 Rd6 39. Re7 Ba5 40.
Re4 Rf6 41. Kg2 Kf8 42. Ne5 Kg8 43. Nf3 Rf8 44. Re6 Ra8 45. Rc6 Bb4 1/2-1/2

[Event "SR 4. liga A21 2016/2017"]
[Site "?"]
[Date "2016.12.18"]
[Round "6.4"]
[White "Pribila, Gerhard"]
[Black "Ocko, Martin"]
[Result "1-0"]
[WhiteElo "2128"]
[BlackElo "1936"]
[PlyCount "101"]
[EventDate "2016.??.??"]

1. Nf3 Nf6 2. g3 g6 3. b3 Bg7 4. Bb2 O-O 5. Bg2 c5 6. c4 Nc6 7. O-O d6 8. d4
cxd4 9. Nxd4 Bd7 10. Nc3 Qc8 11. Rc1 Re8 12. Nd5 Nxd4 13. Bxd4 Nxd5 14. cxd5
Qd8 15. Bxg7 Kxg7 16. Qd4+ Kg8 17. Rc2 Qa5 18. Qc3 Qxc3 19. Rxc3 Rac8 20. Rfc1
Rxc3 21. Rxc3 Rc8 22. Rxc8+ Bxc8 23. f4 Kf8 24. Kf2 Ke8 25. Ke3 Kd8 26. Kd4 Kc7
27. e4 Bg4 28. Bf1 Kb6 29. h3 Bd7 30. g4 Bb5 31. Bc4 Be8 32. g5 Bd7 33. h4 Bg4
34. Bf1 Ka5 35. a3 b5 36. Kc3 e6 37. dxe6 fxe6 38. Bd3 e5 39. f5 Kb6 40. f6 Be6
41. Be2 a6 42. Bg4 Bf7 43. b4 Kc7 44. Bd1 Be6 45. Bg4 Bc4 46. a4 Kd8 47. h5 Bf1
48. hxg6 hxg6 49. Be6 Ke8 50. a5 Kd8 51. Bf7 1-0

[Event "SR 4. liga A21 2016/2017"]
[Site "?"]
[Date "2016.12.18"]
[Round "6.4"]
[White "Danada, Ondrej"]
[Black "Kubis, Ivan"]
[Result "1-0"]
[WhiteElo "1886"]
[BlackElo "1938"]
[PlyCount "77"]
[EventDate "2016.??.??"]

1. e4 e5 2. Nf3 Nc6 3. d4 exd4 4. Bc4 Nf6 5. O-O Nxe4 6. Re1 d5 7. Bxd5 Qxd5 8.
Nc3 Qa5 9. Nxe4 Be6 10. Neg5 O-O-O 11. Nxe6 fxe6 12. Rxe6 Bd6 13. Qe2 Rhf8 14.
Bd2 Qh5 15. h3 h6 16. Nxd4 Qxe2 17. Nxe2 Kd7 18. Re4 Rf5 19. Bf4 Rdf8 20. Bxd6
cxd6 21. f3 g5 22. Nd4 Rc5 23. Nxc6 bxc6 24. c3 d5 25. Re2 a5 26. Rae1 Rf7 27.
Re6 Rh7 28. Rg6 a4 29. Rb1 Kc7 30. Rc1 d4 31. c4 Re7 32. b4 axb3 33. axb3 d3
34. Rd1 Rd7 35. Re6 Ra5 36. Re3 d2 37. Kf2 Ra2 38. Ke2 Kb6 39. Rd3 1-0

[Event "SR 4. liga A21 2016/2017"]
[Site "?"]
[Date "2016.12.18"]
[Round "6.4"]
[White "Valla, Tomas"]
[Black "Trojkova, Michaela"]
[Result "1-0"]
[WhiteElo "1837"]
[BlackElo "1704"]
[PlyCount "37"]
[EventDate "2016.??.??"]

1. e4 c5 2. c3 Nc6 3. d4 cxd4 4. cxd4 d5 5. e5 e6 6. Nc3 Bb4 7. a3 Ba5 8. Qg4
Kf8 9. Nf3 Nge7 10. Bd3 a6 11. O-O Ng6 12. h4 h5 13. Qg3 Nge7 14. Bg5 Bb6 15.
Qf4 Qc7 16. Rac1 Bxd4 17. Bxe7+ Kxe7 18. Nxd4 Qxe5 19. Nxc6+ 1-0

[Event "SR 4. liga A21 2016/2017"]
[Site "?"]
[Date "2016.12.18"]
[Round "6.4"]
[White "Drozd, Jan"]
[Black "Zajicek, Ferdinand"]
[Result "0-1"]
[WhiteElo "1565"]
[BlackElo "1775"]
[PlyCount "92"]
[EventDate "2016.??.??"]

1. d4 c5 2. e3 cxd4 3. exd4 d5 4. Nf3 Nf6 5. c4 dxc4 6. Bxc4 Bg4 7. Be2 g6 8.
O-O Bg7 9. Nc3 O-O 10. h3 Bxf3 11. Bxf3 Qd7 12. Be3 Rd8 13. Qd2 Nc6 14. Bxc6
Qxc6 15. Rac1 Ne4 16. Nxe4 Qxe4 17. Rfd1 Qd5 18. b3 b6 19. Qb4 Rd7 20. Qc4 Rad8
21. Qxd5 Rxd5 22. Rc7 R8d7 23. Rc8+ Bf8 24. Bh6 Rd8 25. Rxd8 Rxd8 26. Bxf8 Kxf8
27. Kf1 e5 28. d5 Ke7 29. Ke2 f5 30. Ke3 Kd6 31. Rc1 Rd7 32. Rd1 Kc5 33. f4
Rxd5 34. b4+ Kd6 35. fxe5+ Kxe5 36. Rxd5+ Kxd5 37. Kd3 g5 38. g3 h5 39. a3 f4
40. gxf4 gxf4 41. h4 b5 42. Ke2 Ke4 43. Kf2 f3 44. Kf1 Kf4 45. Kf2 Kg4 46. Ke3
Kg3 0-1

[Event "SR 4. liga A21 2016/2017"]
[Site "?"]
[Date "2016.12.18"]
[Round "6.4"]
[White "Mraz, Jan"]
[Black "Hrdlicka, Martin"]
[Result "1-0"]
[WhiteElo "1567"]
[BlackElo "1380"]
[PlyCount "93"]
[EventDate "2016.??.??"]

1. d4 d5 2. c4 c6 3. Nc3 Nf6 4. e3 Bf5 5. Bd2 e6 6. Rc1 Bd6 7. c5 Bc7 8. g3
Nbd7 9. Bg2 O-O 10. Nf3 Qe7 11. O-O e5 12. Nh4 Bd3 13. Re1 Rfe8 14. Bf1 e4 15.
Bxd3 exd3 16. Ng2 Ne4 17. f3 Nef6 18. Nf4 b6 19. b4 a5 20. a3 axb4 21. axb4
Bxf4 22. exf4 Qf8 23. Re3 b5 24. Rxd3 Re6 25. Qf1 Nb8 26. Re1 Na6 27. Nd1 Nc7
28. Rde3 Ra2 29. Qd3 Qa8 30. f5 Re8 31. Rxe8+ Ncxe8 32. Nc3 Ra3 33. Qb1 Nc7 34.
Qb2 Kf8 35. Bf4 Nce8 36. Rb1 Ng8 37. Bc1 Ne7 38. Qxa3 Qb8 39. Bf4 Qc8 40. g4
Nf6 41. Qa7 h6 42. Qb8 g5 43. Qxc8+ Nxc8 44. Bg3 Kg7 45. Be5 Ne7 46. Ra1 Neg8
47. Ra6 1-0

[Event "SR 4. liga A21 2016/2017"]
[Site "?"]
[Date "2016.12.18"]
[Round "6.5"]
[White "Vach, Jozef"]
[Black "Sadlon, Juraj"]
[Result "0-1"]
[WhiteElo "1711"]
[BlackElo "1878"]
[PlyCount "74"]
[EventDate "2016.??.??"]

1. d4 Nf6 2. c4 c6 3. Nc3 d6 4. Nf3 Bg4 5. e4 Nbd7 6. Be2 g6 7. Be3 Bg7 8. Qd2
Qc7 9. h3 Bxf3 10. Bxf3 e5 11. d5 c5 12. Nb5 Qb6 13. a4 a5 14. Bh6 O-O 15. g4
Ne8 16. h4 f6 17. Be3 Nc7 18. Be2 Nxb5 19. axb5 a4 20. Qd3 Qd8 21. f3 Nb6 22.
f4 exf4 23. Bxf4 Qe7 24. Rb1 Rfe8 25. Bf3 f5 26. gxf5 gxf5 27. Bg5 fxe4 28. Qe3
Nxc4 29. Qe2 exf3 30. Qxe7 Rxe7+ 31. Bxe7 Re8 32. Kf2 Rxe7 33. b3 Bd4+ 34. Kg3
axb3 35. Rxb3 f2 36. Rd3 Rg7+ 37. Kh3 Ne3 0-1

[Event "SR 4. liga A21 2016/2017"]
[Site "?"]
[Date "2016.12.18"]
[Round "6.5"]
[White "Skapik, Branislav"]
[Black "Kovarik, Oto"]
[Result "0-1"]
[WhiteElo "1844"]
[BlackElo "1793"]
[PlyCount "84"]
[EventDate "2016.??.??"]

1. e4 c5 2. Nc3 e6 3. g3 Nc6 4. f4 g6 5. Nf3 Bg7 6. e5 d6 7. exd6 Qxd6 8. Ne4
Qd5 9. d3 c4 10. Nc3 Qc5 11. Ne4 Qd5 12. Qe2 cxd3 13. Qxd3 Nge7 14. Nd6+ Kf8
15. Qxd5 Nxd5 16. c3 Ke7 17. Ne4 f5 18. Nc5 Nxc3 19. Bd2 Nd5 20. O-O-O b6 21.
Bb5 Nd4 22. Nxd4 Bxd4 23. Nb3 Bg7 24. Bc6 Rb8 25. Bxd5 exd5 26. Bb4+ Kf7 27.
Rxd5 Be6 28. Rd3 a5 29. Bd6 Rbc8+ 30. Kb1 Rhd8 31. Rhd1 Rc6 32. Be5 Rxd3 33.
Rxd3 Bxe5 34. fxe5 Bxb3 35. Rxb3 Ke6 36. Rb5 g5 37. b4 axb4 38. Rxb4 Kxe5 39.
Kb2 f4 40. g4 f3 41. Rb5+ Rc5 42. Rxb6 f2 0-1

[Event "SR 4. liga A21 2016/2017"]
[Site "?"]
[Date "2016.12.18"]
[Round "6.5"]
[White "Stasek, Daniel"]
[Black "Pericka, Pavol"]
[Result "1-0"]
[WhiteElo "1608"]
[BlackElo "1821"]
[PlyCount "69"]
[EventDate "2016.??.??"]

1. e4 e5 2. Nf3 Nc6 3. Bb5 a6 4. Ba4 Nf6 5. d3 d6 6. c3 Be7 7. O-O O-O 8. Re1
Bg4 9. Nbd2 h6 10. h3 Bd7 11. Nf1 Qc8 12. Ng3 Nh7 13. Bc2 Bd8 14. d4 f6 15. Nh4
Ne7 16. f4 exf4 17. Nh1 g5 18. Nf3 f5 19. exf5 Bxf5 20. Nf2 Nf6 21. b3 Ned5 22.
c4 Nb4 23. Bb1 Bxb1 24. Rxb1 Nxa2 25. Bd2 a5 26. Qc2 Nb4 27. Qg6+ Kh8 28. Qxh6+
Nh7 29. d5 Bf6 30. Ng4 Bg7 31. Bc3 Bxc3 32. Re7 Qf5 33. Nfe5 Bxe5 34. Nxe5 Rf6
35. Qg7# 1-0

[Event "SR 4. liga A21 2016/2017"]
[Site "?"]
[Date "2016.12.18"]
[Round "6.5"]
[White "Mysicka, Miroslav"]
[Black "Stehlik, Jan"]
[Result "1/2-1/2"]
[WhiteElo "1670"]
[BlackElo "1588"]
[PlyCount "86"]
[EventDate "2016.??.??"]

1. e4 e5 2. Nf3 Nc6 3. Bc4 Bc5 4. O-O Nf6 5. Nc3 d6 6. h3 a6 7. d3 h6 8. a3 b5
9. Ba2 O-O 10. b4 Ba7 11. Nd5 Nd4 12. c3 Ne6 13. Be3 c6 14. Nxf6+ Qxf6 15. Nh2
Nf4 16. Kh1 Qg5 17. Bxf4 Qxf4 18. Qe2 Bd7 19. g3 Qg5 20. h4 Qg6 21. Kg2 Rac8
22. f4 exf4 23. Rxf4 d5 24. d4 dxe4 25. Rxe4 Rfe8 26. Re1 Rxe4 27. Qxe4 Qxe4+
28. Rxe4 Re8 29. Rxe8+ Bxe8 30. Ng4 Kf8 31. Bb1 Ke7 32. Be4 f6 33. Bf5 Bd7 34.
Bxd7 Kxd7 35. Ne3 Ke6 36. g4 g6 37. Kf3 f5 38. h5 fxg4+ 39. Kxg4 Kf6 40. hxg6
Kxg6 41. Nf5 h5+ 42. Kf4 Bb8+ 43. Ke4 Kf6 1/2-1/2

[Event "SR 4. liga A21 2016/2017"]
[Site "?"]
[Date "2016.12.18"]
[Round "6.5"]
[White "Holiencin, Filip"]
[Black "Brath, Zdeno"]
[Result "1/2-1/2"]
[WhiteElo "1738"]
[BlackElo "1534"]
[PlyCount "71"]
[EventDate "2016.??.??"]

1. d4 d5 2. c4 Bf5 3. Nc3 Nf6 4. Nf3 e6 5. Bg5 Be7 6. e3 h6 7. Bh4 O-O 8. Rc1
c6 9. cxd5 exd5 10. Bd3 Ne4 11. Bxe7 Qxe7 12. Bxe4 dxe4 13. Ne5 Qg5 14. g4 Be6
15. Nxe4 Qe7 16. Nc3 Nd7 17. Nxd7 Bxd7 18. h4 Rad8 19. Kd2 b5 20. Qf3 f5 21. g5
Qd6 22. gxh6 Qxh6 23. Ne2 Be8 24. Nf4 Qd6 25. Nd3 f4 26. Nxf4 Qb4+ 27. Rc3 c5
28. d5 Bg6 29. Kc1 Be4 30. Qh3 Bxh1 31. Qxh1 Rxf4 32. exf4 Qxf4+ 33. Kb1 Qxf2
34. Qe4 c4 35. Rf3 Qb6 36. Qf5 1/2-1/2

[Event "SR 4. liga A21 2016/2017"]
[Site "?"]
[Date "2016.12.18"]
[Round "6.6"]
[White "Klimes, Karel"]
[Black "Lajda, Dusan"]
[Result "1/2-1/2"]
[WhiteElo "1624"]
[BlackElo "1777"]
[PlyCount "28"]
[EventDate "2016.??.??"]

1. e4 c5 2. Nf3 Nc6 3. Bc4 d6 4. c3 Nf6 5. d3 e6 6. Bg5 Be7 7. Nbd2 Bd7 8. a3
O-O 9. O-O a6 10. Ba2 b5 11. b4 Rc8 12. Rc1 Ne8 13. Bxe7 Qxe7 14. Qe2 Nc7
1/2-1/2

[Event "SR 4. liga A21 2016/2017"]
[Site "?"]
[Date "2016.12.18"]
[Round "6.6"]
[White "Orvisky, Vladimir"]
[Black "Valigursky, Michal"]
[Result "1/2-1/2"]
[WhiteElo "1740"]
[BlackElo "1638"]
[PlyCount "119"]
[EventDate "2016.??.??"]

1. c4 e5 2. Nc3 Nf6 3. Nf3 Nc6 4. g3 d5 5. cxd5 Nxd5 6. d3 Be6 7. Bg2 Qd7 8.
Nxd5 Bxd5 9. O-O Be7 10. Bd2 O-O 11. Qa4 Qd6 12. a3 a5 13. Rac1 f5 14. Rfd1 f4
15. Bc3 fxg3 16. hxg3 Bf6 17. Bd2 Bxf3 18. Bxf3 Nd4 19. Bg4 b5 20. Bb4 bxa4 21.
Bxd6 cxd6 22. e3 Nb3 23. Rc4 Rfe8 24. Bd7 Red8 25. Bxa4 Nc5 26. Bc6 Rab8 27. b4
axb4 28. axb4 Na6 29. b5 Nc5 30. Rb4 Rdc8 31. Bd5+ Kf8 32. b6 Nd7 33. b7 Rc7
34. Ra1 Ke7 35. Ra8 Rc3 36. Be4 g6 37. Rb1 Kd8 38. Rxb8+ Nxb8 39. Ra1 Kc7 40.
Rb1 Bd8 41. Kf1 Kd7 42. Ke2 Ke6 43. Rb5 Bc7 44. Kd2 Ra3 45. Rb2 d5 46. Bf3 Nc6
47. Bg4+ Kd6 48. Ke2 Bb8 49. Bc8 Nd8 50. Rb6+ Nc6 51. Rb2 Kc7 52. g4 h6 53. f4
exf4 54. exf4 d4 55. f5 gxf5 56. gxf5 Ne5 57. f6 Ra6 58. Rb4 Rd6 59. Rb5 Nf7
60. Rb4 1/2-1/2

[Event "SR 4. liga A21 2016/2017"]
[Site "?"]
[Date "2016.12.18"]
[Round "6.6"]
[White "Jancovicova, Petra"]
[Black "Tomasovic, Roman"]
[Result "1/2-1/2"]
[WhiteElo "1675"]
[BlackElo "1560"]
[PlyCount "48"]
[EventDate "2016.??.??"]

1. e4 e5 2. Nf3 Nc6 3. d4 exd4 4. Nxd4 Bc5 5. Be3 Qf6 6. c3 a6 7. Be2 Nge7 8.
O-O d6 9. Nxc6 Nxc6 10. Bxc5 dxc5 11. Nd2 Be6 12. Qc2 O-O 13. Rad1 Rad8 14. Nb3
b6 15. Bxa6 Ne5 16. Be2 Qg6 17. f4 Bh3 18. Bh5 Qxh5 19. fxe5 Rxd1 20. Rxd1 Bg4
21. Rd2 Qxe5 22. Rd5 Qf4 23. Qd3 g6 24. g3 Qf6 1/2-1/2

[Event "SR 4. liga A21 2016/2017"]
[Site "?"]
[Date "2016.12.18"]
[Round "6.6"]
[White "Vozarova, Adriana"]
[Black "Madzo, Anton"]
[Result "1-0"]
[WhiteElo "1502"]
[BlackElo "1509"]
[PlyCount "55"]
[EventDate "2016.??.??"]

1. e4 e5 2. Nf3 d6 3. d4 exd4 4. Nxd4 Bd7 5. Nc3 Nc6 6. Be3 g6 7. Qd2 Bg7 8.
O-O-O Nge7 9. f3 O-O 10. g4 Nxd4 11. Bxd4 Bxd4 12. Qxd4 Nc6 13. Qd2 a6 14. h4
Qf6 15. Qg2 Be6 16. Qg3 Ne5 17. Be2 Nc6 18. g5 Qe5 19. f4 Qc5 20. h5 Nb4 21. a3
Na2+ 22. Nxa2 Bxa2 23. hxg6 fxg6 24. Qh3 Rf7 25. Bg4 Re8 26. f5 Rxe4 27. Rde1
Rxg4 28. Re8+ 1-0

[Event "SR 4. liga A21 2016/2017"]
[Site "?"]
[Date "2017.01.15"]
[Round "7.1"]
[White "Lajda, Dusan"]
[Black "Brunovsky, Peter"]
[Result "1/2-1/2"]
[WhiteElo "1781"]
[BlackElo "1818"]
[PlyCount "46"]
[EventDate "2016.??.??"]

1. e4 d5 2. exd5 Qxd5 3. Nc3 Qa5 4. d4 Nf6 5. Bd2 c6 6. Be2 Bf5 7. Nf3 Nbd7 8.
O-O e6 9. a3 Qc7 10. b4 Bd6 11. Re1 O-O 12. h3 Rfe8 13. Nh4 Bg6 14. Nxg6 hxg6
15. Bf3 Rac8 16. Rb1 Nb6 17. Be2 e5 18. dxe5 Bxe5 19. Bd3 Bh2+ 20. Kf1 Rxe1+
21. Qxe1 Re8 22. Qd1 Bf4 23. Be1 Bg5 1/2-1/2

[Event "SR 4. liga A21 2016/2017"]
[Site "?"]
[Date "2017.01.15"]
[Round "7.1"]
[White "Hrubsa, Marian"]
[Black "Orvisky, Vladimir"]
[Result "0-1"]
[WhiteElo "1883"]
[BlackElo "1749"]
[PlyCount "66"]
[EventDate "2016.??.??"]

1. e4 Nf6 2. Nc3 d5 3. e5 d4 4. exf6 dxc3 5. fxg7 cxd2+ 6. Bxd2 Bxg7 7. c3 Bf5
8. Qb3 Qc8 9. Nf3 Nd7 10. Bc4 e6 11. Rg1 c6 12. Be3 Qc7 13. O-O-O O-O-O 14. g4
Bg6 15. Be2 Nb6 16. h4 h6 17. Qa3 Kb8 18. Qa5 Rxd1+ 19. Rxd1 Rd8 20. Rxd8+ Qxd8
21. Nd2 Qc7 22. Nc4 Nc8 23. Qb4 Qh2 24. Na5 Qh1+ 25. Kd2 Qd5+ 26. Ke1 Nd6 27.
Bc4 Qh1+ 28. Ke2 Kc7 29. Bxa7 Qe4+ 30. Be3 Qc2+ 31. Kf1 Qd1+ 32. Kg2 Be4+ 33.
Kh2 Qh1+ 0-1